Na podstavci korupcie

Nelichotivý stav korupcie na Slovensku. Prezentácia Slovenska ako krajiny daňových únikov, neštandardných ekonomických podmienok, korupcie a skrytej ekonomiky.

Na minha lista:
Detalhes bibliográficos
Autor principal: Sotník, Alexander
Formato: Capítulo de Livro
Idioma:eslovaco
Assuntos:
Tags: Adicionar Tag
Sem tags, seja o primeiro a adicionar uma tag!

MARC

LEADER 00000naa a2200000 4500
001 r038992
005 20230920071410.2
041 0 |a slo 
044 |a SK 
245 1 0 |a Na podstavci korupcie  |c Alexander Sotník 
520 |a Nelichotivý stav korupcie na Slovensku. Prezentácia Slovenska ako krajiny daňových únikov, neštandardných ekonomických podmienok, korupcie a skrytej ekonomiky. 
610 2 0 |a korupcia 
610 2 0 |a ekonomika tieňová 
610 2 0 |a byrokracia 
610 2 0 |a kriminalita finančná 
610 2 0 |a kriminalita hospodárska 
610 2 0 |a podnikanie 
610 2 0 |a Slovensko 
100 1 |a Sotník, Alexander